Gran Galà del calcio AIC 2019 - Statistics

Statistiche generali
  • Questo quiz è stato fatto 69 volte
  • Il punteggio medio è 15 su 17
Statistiche sulle risposte
Categoria Nazione Squadra Calciatore % Corretto
Squadra dell'anno: Difensore Italia Juventus Giorgio Chiellini
100%
Squadra dell'anno: Attaccante Portogallo Juventus Cristiano Ronaldo
98%
Squadra dell'anno: Portiere Slovenia Inter Samir Handanovič
98%
Migliore calciatore assoluto Portogallo Juventus Cristiano Ronaldo
97%
Squadra dell'anno: Attaccante Italia Sampdoria Fabio Quagliarella
97%
Migliore allenatore Italia Atalanta Gian Piero Gasperini
97%
Squadra dell'anno: Difensore Senegal Napoli Kalidou Koulibaly
95%
Squadra dell'anno: Difensore Portogallo Juventus João Cancelo
94%
Squadra dell'anno: Centrocampista Bosnia ed Erzegovina Juventus Miralem Pjanić
94%
Gol dell'anno Italia Sampdoria Fabio Quagliarella
90%
Squadra dell'anno: Attaccante Colombia Atalanta Duván Zapata
89%
Miglior società - - Atalanta
87%
Squadra dell'anno: Difensore Serbia Roma Aleksandar Kolarov
86%
Squadra dell'anno: Centrocampista Slovenia Atalanta Josip Iličić
86%
Squadra dell'anno: Centrocampista Italia Cagliari Nicolò Barella
84%
Migliore arbitro - - Gianluca Rocchi
63%
Migliore calciatore della Serie B Italia Brescia Sandro Tonali
62%
Nessun quiz corrispondente trovato
Distribuzione punteggi
Percentuale di utenti per punteggio
Percentile per numero di risposta
I tuoi punteggi nel tempo
Non hai fatto questo quiz